000 00342nam a22001457a 4500
003 SGT
020 _a978-93-5090-511-1
082 _a610.73678
_bM13T
100 _aTHAKUR JYOUTI RAJESH
245 _aMCQ'S IN MIDWIFERY & OBSTETRICAL NURSING
260 _aINDIA
_bJAYPEE
_c2013
300 _a222
650 _aOBSTETRIC
942 _2ddc
_cBK
999 _c10976
_d10976